Preaching the great themes of the Bible. (Record no. 3345)

000 -LEADER
fixed length control field 00612nam a2200205 a 4500
001 - CONTROL NUMBER
control field :::00001075$&:&@@
003 - CONTROL NUMBER IDENTIFIER
control field OkBaRHE
005 - DATE AND TIME OF LATEST TRANSACTION
control field 20000607103241.0
008 - FIXED-LENGTH DATA ELEMENTS--GENERAL INFORMATION
fixed length control field s1986 j 000 0 eng u
020 ## - INTERNATIONAL STANDARD BOOK NUMBER
International Standard Book Number 0805422625 (pbk.)
040 ## - CATALOGING SOURCE
Transcribing agency
100 1# - MAIN ENTRY--PERSONAL NAME
Personal name Horne, Chevis F.
245 10 - TITLE STATEMENT
Title Preaching the great themes of the Bible.
260 ## - PUBLICATION, DISTRIBUTION, ETC. (IMPRINT)
Place of publication, distribution, etc Nashville, TN., :
Name of publisher, distributor, etc Broadman Press
Date of publication, distribution, etc c1986
300 ## - PHYSICAL DESCRIPTION
Extent 294 p. ;
Dimensions 21 cm.
650 ## - SUBJECT ADDED ENTRY--TOPICAL TERM
Topical term or geographic name as entry element Bible
General subdivision Homiletical Use
650 ## - SUBJECT ADDED ENTRY--TOPICAL TERM
Topical term or geographic name as entry element Preaching
942 ## - ADDED ENTRY ELEMENTS (KOHA)
Source of classification or shelving scheme
Koha item type Books
Copies
Date acquired Date last seen Copy number Not for loan Koha item type Lost status Full call number Barcode Shelving location Price effective from Withdrawn status Damaged status Source of classification or shelving scheme Permanent Location
2010-04-142010-04-141 Books BS 534.5 .H671075General Stacks2010-04-14   RHEMA Bible Training College